1683 1224 1510 1175 1805 1604 1962 1852 1270 1674 1999 1406 1292 1025 1554 1330 1713 1117 1296 1295 1873 1890 1049 1743 1168 1291 1805 1441 1153 1130 1287 1944 1014 1221 1354 1412 1415 1059 1042 1785 1219 1378 1774 1121 1286 1634 1712 1573 1638 1037 1310 1218 1751 1190 1080 1004 1051 1324 1201 1753 1697 1061 1965 1135 1428 1595 1623 1463 1090 1167 1629 1471 1555 1506 1241 1244 1646 1347 1939 1213 1656 1104 1620 1653 1221 1883 1993 1530 1149 1304 1294 1329 1854 1551 1157 1159 1571 1091 1832 BCNSPRNW ULIB Ver.6.0+V

เปลี่ยนเป็นภาษาไทย

Change to English
 แสดงรายละเอียดบรรณานุกรม
  กลับหน้าหลัก

Brief Record : Get Marc (ISO 2709) : E-mail record : QR code < ปิดหน้าต่าง
LEADER : 00000nam 2200000uu 4500
001    13399112218
003     ULIB
008    110627s2542||||th 000 0 tha d
060  4 WY18^bส881พ 2542
100 0  สุวิทย์ วิบุลผลประเสริฐ
245 00 พัฒนาคน พัฒนาองค์กร พัฒนาสังคม/^cสุวิทย์ วิบุลผลประเสริฐ
260    นนทบุรี :^bสถาบันพระบรมรชชนก สำนักงานปลัดกระทรวงสาธารณสุข,^c2542
300    164 หน้า
650  7 กำลังคนด้านสุขภาพ
945    ^p0^l0^i020837
995    ทศพร
999 ^a ใช้งานได้ทุกระบบ
รายการนี้ยังไม่มีแท็ก
คุณยังไม่ได้ล็อกอิน คุณสามารถมีกิจกรรมร่วมกับเว็บไซต์ได้ แต่ต้องล็อกอินก่อน ::
  ล็อกอิน

รายการสื่อสารสนเทศ

ลำดับที่ ประเภท เลขเรียก/บาร์โค้ด สถานที่ สถานะ
- ไม่พบข้อมูล -

รายการใกล้เคียง
    ผู้แต่ง [สุวิทย์ วิบุลผลประเสริฐ]

    หัวเรื่อง [กำลังคนด้านสุขภาพ]

BibComment


ยังไม่เคยถูกคอมเมนท์

คอมเมนท์ทรัพยากรรายการนี้
  คอมเมนท์: พัฒนาคน พัฒนาองค์..


 Copyright 2026. Bcnsprnw @Library